The Nice List - Xmas Sudden Death - Statistics

General Stats
  • This quiz has been taken 2,145 times
  • The average score is 13 of 20
Answers on the Grid
Answers color-coded by a green-red scale on the quiz's grid according to % correct below.
Altruistic
Balky
Benevolent
Chivalrous
Cordial
Courteous
Dastardly
Decorous
Deferential
Errant
Froward
Genial
Gracious
Incorrigible
Intractable
Intransigent
Irascible
Knavish
Magnanimous
Munificent
Noble
Obdurate
Obstinate
Ornery
Polite
Recalcitrant
Respectful
Roguish
Seemly
Tactful
Upstanding
Urbane
Virtuous
Wayward
Wicked
Xenial
 
Answer Stats
Answer % Correct
Gracious
90%
Noble
89%
Polite
89%
Courteous
88%
Chivalrous
85%
Cordial
83%
Respectful
81%
Virtuous
81%
Upstanding
77%
Benevolent
76%
Genial
75%
Altruistic
69%
Tactful
68%
Magnanimous
57%
Decorous
54%
Seemly
52%
Deferential
34%
Munificent
29%
Xenial
25%
Urbane
24%
No matching quizzes found
Score Distribution
Percent of People with Each Score
Percentile by Number Answered
Your Score History
You have not taken this quiz